Martín Lutero.
Enregistré dans:
| Auteur principal: | |
|---|---|
| Format: | Inconnue |
| Publié: |
Madrid, España:
Biblioteca Autores Cristianos,
2008.
|
| Édition: | Primera edición (rústica). Tercera impresión. |
| Collection: | Biblioteca Autores Cristianos maior;
|
| Tags: |
Ajouter un tag
Pas de tags, Soyez le premier à ajouter un tag!
|
MARC
| LEADER | 00000 a2200000 4500 | ||
|---|---|---|---|
| 003 | CL-VaPUC | ||
| 005 | 20231116105731.0 | ||
| 008 | 231114t2008 ||||| |||| 00| 0 eng d | ||
| 999 | |c 442437 |d 442435 | ||
| 020 | |a 978-84-7914-952-9 (o.c) |c 978-84-7914-953-6 (v.I) | ||
| 020 | |a 978-84-7914-953-6 (v.I) | ||
| 020 | |a 978-84-7914-953-3 (v.II) | ||
| 040 | |c Pontificia Universidad Católica de Valparaíso | ||
| 082 | 7 | |a 284.1092 GAR 2008 |2 22 | |
| 100 | |a García Villoslada, Ricardo |9 479583 |c S.J. |e autor | ||
| 245 | |a Martín Lutero. | ||
| 250 | |a Primera edición (rústica). Tercera impresión. | ||
| 260 | |a Madrid, España: |b Biblioteca Autores Cristianos, |c 2008. | ||
| 300 | |a 2 volúmenes. | ||
| 490 | |a Biblioteca Autores Cristianos maior; |n 3, 4. | ||
| 505 | |a v.I. El fraile hambriento de Dios. v.II.En lucha contra Roma. | ||
| 583 | |k GC |c 20231114 | ||
| 942 | |2 ddc |c BK | ||
| 952 | |0 0 |1 0 |2 ddc |4 0 |6 284_109200000000000_GAR_2008 |7 0 |8 A |9 592434 |a BIBTEO |b BIBTEO |c GEN |d 2023-11-10 |e 8 |g 32250.00 |h v.I |i 5659393 |o 284.1092 GAR 2008 |p 5659393 |r 2024-01-18 |t 1 |v 32250.00 |w 2023-11-10 |y BK |k ICR | ||
| 952 | |0 0 |1 0 |2 ddc |4 0 |6 284_109200000000000_GAR_2008 |7 0 |8 A |9 592435 |a BIBTEO |b BIBTEO |c GEN |d 2023-11-10 |e 8 |g 33250.00 |h v.II |i 5659394 |o 284.1092 GAR 2008 |p 5659394 |r 2024-01-18 |t 1 |v 33250.00 |w 2023-11-10 |y BK |k ICR | ||